00475nam a2200085Ia 4500008004100000245003400041300023400075650001600309856006400325170517s9999 xx 000 0 und d aGlobesity: Fat's New Frontier aGlobesity: Fat's New Frontier reveals the outrageous eruption of a worldwide corpulence in countries where not so long ago famine was number one health issue. In China the usage of sugar and oil has led to rapid enlargement of... xTechnology. uhttp://topdocumentaryfilms.com/globesity-fats-new-frontier/